<?xml version="1.0" encoding="UTF-8"?>
<record
    xmlns:xsi="http://www.w3.org/2001/XMLSchema-instance"
    xsi:schemaLocation="http://www.loc.gov/MARC21/slim http://www.loc.gov/standards/marcxml/schema/MARC21slim.xsd"
    xmlns="http://www.loc.gov/MARC21/slim">

  <leader>00507cam a2200193ua 4500</leader>
  <controlfield tag="001">1382</controlfield>
  <controlfield tag="008">110708n        ii  |||gr||||Z||||||eng</controlfield>
  <datafield tag="020" ind1=" " ind2=" ">
    <subfield code="a">81-219-0369-6</subfield>
  </datafield>
  <datafield tag="040" ind1=" " ind2=" ">
    <subfield code="c">MAIN</subfield>
  </datafield>
  <datafield tag="082" ind1=" " ind2=" ">
    <subfield code="a">320.5</subfield>
  </datafield>
  <datafield tag="100" ind1=" " ind2=" ">
    <subfield code="a">Mahajan, V. D.,</subfield>
    <subfield code="e">Author.</subfield>
    <subfield code="q">(Vidya Dhar Mahajan).</subfield>
  </datafield>
  <datafield tag="245" ind1="1" ind2=" ">
    <subfield code="a">Political theory</subfield>
    <subfield code="c">by V. D. Mahajan</subfield>
  </datafield>
  <datafield tag="250" ind1=" " ind2=" ">
    <subfield code="a">4th.</subfield>
  </datafield>
  <datafield tag="260" ind1=" " ind2=" ">
    <subfield code="a">New Delhi:</subfield>
    <subfield code="b">S. Chand &amp; Company ltd.,995.</subfield>
  </datafield>
  <datafield tag="300" ind1=" " ind2=" ">
    <subfield code="a">xvi; 910p:</subfield>
    <subfield code="c">23cm.</subfield>
  </datafield>
  <datafield tag="653" ind1=" " ind2=" ">
    <subfield code="a">Political Science</subfield>
  </datafield>
  <datafield tag="653" ind1=" " ind2=" ">
    <subfield code="a">political theory</subfield>
  </datafield>
  <datafield tag="942" ind1=" " ind2=" ">
    <subfield code="c">BK</subfield>
  </datafield>
  <datafield tag="999" ind1=" " ind2=" ">
    <subfield code="c">1277</subfield>
    <subfield code="d">1277</subfield>
  </datafield>
  <datafield tag="952" ind1=" " ind2=" ">
    <subfield code="0">0</subfield>
    <subfield code="1">0</subfield>
    <subfield code="4">0</subfield>
    <subfield code="7">0</subfield>
    <subfield code="a">MAIN</subfield>
    <subfield code="b">MAIN</subfield>
    <subfield code="c">GEN</subfield>
    <subfield code="d">2020-09-19</subfield>
    <subfield code="l">0</subfield>
    <subfield code="o">320.5 | MAH</subfield>
    <subfield code="p">20062</subfield>
    <subfield code="r">2020-09-19 00:00:00</subfield>
    <subfield code="t">1</subfield>
    <subfield code="w">2020-09-19</subfield>
    <subfield code="y">BK</subfield>
  </datafield>
</record>
